<?xml version="1.0" encoding="UTF-8"?>
<marc:record xmlns:marc="http://www.loc.gov/MARC21/slim">
   <marc:leader>00000nam a2200000 a 4500</marc:leader>
   <marc:datafield ind1="1" ind2=" " tag="100">
      <marc:subfield code="a">Wilding, Lynne</marc:subfield>
      <marc:subfield code="4">aut</marc:subfield>
      <marc:subfield code="e">Verfasser/-in</marc:subfield>
   </marc:datafield>
   <marc:datafield ind1=" " ind2=" " tag="653">
      <marc:subfield code="a">Sehnsucht</marc:subfield>
   </marc:datafield>
   <marc:datafield ind1="0" ind2="0" tag="245">
      <marc:subfield code="a">Land meiner Sehnsucht</marc:subfield>
   </marc:datafield>
   <marc:datafield ind1="0" ind2="0" tag="245">
      <marc:subfield code="b">Australien-Saga</marc:subfield>
   </marc:datafield>
   <marc:datafield ind1="0" ind2="0" tag="245">
      <marc:subfield code="c">Lynne Wilding, Deutsch von Barbara Schnell</marc:subfield>
   </marc:datafield>
   <marc:datafield ind1=" " ind2="1" tag="264">
      <marc:subfield code="a">München</marc:subfield>
      <marc:subfield code="b">Random House</marc:subfield>
      <marc:subfield code="c">2007</marc:subfield>
   </marc:datafield>
   <marc:datafield ind1=" " ind2=" " tag="250">
      <marc:subfield code="a">Lizenzausgabe</marc:subfield>
   </marc:datafield>
   <marc:datafield ind1="1" ind2=" " tag="520">
      <marc:subfield code="a">Aus den Armenvierteln Sydneys über die Welt der High Society bis zu den Weiten der roten Erde ... Die junge Australierin Laura McRae hat sich nach schweren Schicksalsschlägen geschworen, nie wieder arm zu sein. Mit Tatkraft, Mut, eisernem Willen und ihrer herausragenden Begabung für Mode, schafft sie es, ihrer einfachen Herkunft zu entfliehen und große Karriere zu machen. Ihr Leben scheint perfekt, als der charmante Eddie Ashworth ihren Weg kreuzt. Sie verliebt sich Hals über Kopf und heiratet ihn voller Hoffnung. Doch nicht alles ist Gold, was glänzt: Eddies schwacher Charakter stürzt die Ehe in eine schwere Krise. Wird Laura ihr Glück noch finden?</marc:subfield>
   </marc:datafield>
   <marc:datafield ind1=" " ind2=" " tag="500">
      <marc:subfield code="a">Übers. aus dem Engl.</marc:subfield>
   </marc:datafield>
   <marc:datafield ind1=" " ind2=" " tag="300">
      <marc:subfield code="a">506 S.</marc:subfield>
   </marc:datafield>
</marc:record>
